Alternatívne formy financovania v podnikaní MSP diplomová práca

Saved in:
Bibliographic Details
Main Author: Zríniová, Lucia
Corporate Author: Ekonomická univerzita v Bratislave. Fakulta podnikového manažmentu
Other Authors: Bukovová, Sylvia, 1959-
Format: Book
Language:Slovak
Published: Bratislava 2010
Tags: Add Tag
No Tags, Be the first to tag this record!

MARC

LEADER 00000nam a2200000 4500
001 0122467
005 20240318121657.9
041 0 |a slo 
044 |a SK 
245 1 0 |a Alternatívne formy financovania v podnikaní MSP  |b diplomová práca  |c Lucia Zríniová ; škol. Sylvia Bukovová 
264 1 |a Bratislava  |c 2010 
300 |a 93 s. 
100 1 |a Zríniová, Lucia 
700 1 |a Bukovová, Sylvia, 1959- 
710 2 |a Ekonomická univerzita v Bratislave. Fakulta podnikového manažmentu